Most Common US Last Names Starting With R - Statistics

General Stats
  • This quiz has been taken 1,017 times
  • The average score is 13 of 33
Answer Stats
# name % Correct
366,215 Roberts
87%
125,653 Richards
86%
249,533 Richardson
70%
150,299 Robertson
70%
128,794 Ray
67%
804,240 Rodriguez
62%
294,403 Rogers
60%
139,335 Ryan
60%
503,028 Robinson
57%
127,960 Riley
55%
388,987 Ramirez
50%
146,924 Rose
50%
219,961 Ross
49%
267,443 Reed
48%
71,754 Reese
42%
195,598 Reynolds
42%
215,432 Russell
36%
104,007 Reid
32%
78,141 Robbins
31%
73,021 Rodgers
31%
146,440 Rice
28%
175,429 Ruiz
28%
232,511 Reyes
25%
299,463 Rivera
25%
66,205 Rowe
25%
193,096 Ramos
23%
79,817 Reeves
22%
88,917 Rhodes
21%
153,772 Romero
15%
76,625 Ramsey
12%
96,569 Rios
11%
73,071 Rojas
9%
61,619 Robles
5%
No matching quizzes found
Score Distribution
Percent of People with Each Score
Percentile by Number Answered
Your Score History
You have not taken this quiz